00371nam a2200133Ia 450000500170000000800410001702000150005808200130007310000180008624500430010426000370014730000130018450000400019720250704032955.0240331s9999 xx 000 0 und d a9559538616 bWETa954 aWeththamuni,W 0aMahawansaya ha sinhala jana jeewithaya aKelaniyabSheela Printingsc1998 a248 p ., aThe Mahavamsa and Sinhala Folk life